Farthest Apart Melbourne Railway Stations - Statistics

General Stats
  • This quiz has been taken 184 times
  • The average score is 18 of 30
Answer Stats
Distance (metres) Station Station % Correct
Sunbury
83%
Pakenham
79%
Werribee
73%
9,518 Watergardens Diggers Rest
72%
5,585 Diggers Rest Sunbury
71%
Diggers Rest
71%
Craigieburn
69%
Lilydale
69%
Laverton
65%
4,513 Cardinia Road Pakenham
63%
10,450 Newport Laverton
63%
5,572 Newport Seaholme
63%
8,304 Dandenong Lynbrook
61%
6,258 Dandenong Hallam
61%
4,032 Hoppers Crossing Werribee
60%
Hoppers Crossing
60%
4,098 Roxburgh Park Craigieburn
60%
4,465 Williams Landing Hoppers Crossing
60%
Seaholme
59%
4,693 Mooroolbark Lilydale
56%
Hallam
55%
Lynbrook
55%
Officer
55%
5,241 Eltham Diamond Creek
52%
Diamond Creek
49%
4,460 Beaconsfield Officer
48%
Upfield
48%
Berwick
43%
3,776 Narre Warren Berwick
42%
4,126 Gowrie Upfield
40%
No matching quizzes found
Score Distribution
Percent of People with Each Score
Percentile by Number Answered
Your Score History
You have not taken this quiz